000
00339nam a2200157 a 4500
008
190521s1997|||| d
245
1
0
_a
EKG pro praxi
260
_b
GRADA
_a
Praha
_c
1997
958
_a
AUL
100
1
_a
Hampton J.R.
250
_a
1.vydanie
300
_a
320s.
020
_a
8071694266
_c
0
041
_a
cze
044
_a
CZ
999
_c
20704
_d
20704